Normal view
MARC view
Entry Geographic Name
001 - CONTROL NUMBER
- control field: 26637
003 - CONTROL NUMBER IDENTIFIER
- control field: ARRUPE
005 - DATE AND TIME OF LATEST TRANSACTION
- control field: 20161010125546.0
008 - FIXED-LENGTH DATA ELEMENTS
- fixed length control field: 161010|| aca||aabn | a|a d
040 ## - CATALOGING SOURCE
- Original cataloging agency: ARRUPE
- Transcribing agency: ARRUPE
151 ## - HEADING--GEOGRAPHIC NAME
- Geographic name: United States
- General subdivision: Foreign relations
- Chronological subdivision: 1945-1989.
670 ## - SOURCE DATA FOUND
- Source citation: Work cat.: (ARRUPE)0: Chomsky, Noam. 26636, Year 501 :, c1993.